| 000 | 00913nam a22003017a 4500 | ||
|---|---|---|---|
| 003 | CHAP | ||
| 005 | 20220329133218.0 | ||
| 008 | 971013s1985 r 00010 d | ||
| 010 | _a3452 | ||
| 011 | _a4424 | ||
| 035 | _a3627 | ||
| 040 | _cCHAP | ||
| 082 |
_a631.875 _bG3 |
||
| 100 | 0 | 0 |
_aGasser, John Kenneth Russell. _947238 |
| 245 | _aComposting of agricultural and other wastes | ||
| 260 |
_aLondon : _bElsevier, _c1985 |
||
| 300 |
_a320 p. _b: ilus |
||
| 500 | _aD50-20 | ||
| 590 |
_aBATCH-UPD _b10 _c20130110 _lUCH01 _h1442 |
||
| 590 |
_aBATCH-UPD _b10 _c20130410 _lUCH01 _h0913 |
||
| 590 |
_aBATCH-UPD _b10 _c20130914 _lUCH01 _h1020 |
||
| 590 |
_aCONVERSION _b10 _c20130109 _lUCH01 _h1303 |
||
| 650 | 1 | 4 |
_aCompost. _926105 |
| 650 | 1 | 4 |
_aProductos agrÃcolas _xSubproductos. _992033 |
| 901 | _aBK | ||
| 942 | _cLIBRO | ||
| 949 |
_a631.875 G3 _bBC _cLIBRO _d33724000173308 _eLIBRO _gI.156389 _h79233 _i3627 _si _t476.71 |
||
| 999 |
_c3452 _d3452 |
||